000 00527nam a2200157Ia 4500
005 20250508155423.0
008 008 250505s9999 xx 000 0 eng d
037 _aBooks to be hide in OPAC
040 _aFEDL
_beng
_cFEDL
041 _aeng
_2eng
084 _a379.549, HYD/O
_qFEDL
245 0 _aReport on public instruction in H.H. the nizam's dominions 1305 Fasli 1895-96
260 _aHyderabad, India
_bH.H. The Nizam's Printers' Press
_c1898
942 _cHB
_h379.549, HYD/O
999 _c1356688
_d1356688